Entry tax as an alternative to octroi (Record no. 409770)

000 -LEADER
fixed length control field 00379cam a22001217a 4500
008 - FIXED-LENGTH DATA ELEMENTS--GENERAL INFORMATION
fixed length control field 180718b1984 xxu||||| |||| 00| 0 eng d
082 ## - DEWEY DECIMAL CLASSIFICATION NUMBER
Classification number L2x5441 R18
100 ## - MAIN ENTRY--PERSONAL NAME
Personal name Rao, M. Govinda
245 ## - TITLE STATEMENT
Title Entry tax as an alternative to octroi
Statement of responsibility, etc. by M.Govinda Rao
260 ## - PUBLICATION, DISTRIBUTION, ETC.
Place of publication, distribution, etc. New Delhi
Name of publisher, distributor, etc. National institute of public finance
Date of publication, distribution, etc. 1984
300 ## - PHYSICAL DESCRIPTION
Extent viii,114p
650 ## - SUBJECT ADDED ENTRY--TOPICAL TERM
Topical term or geographic name entry element Octroi --India --Gujarat.
Holdings
Withdrawn status Lost status Damaged status Not for loan Permanent Location Current Location Date acquired Full call number Barcode Date last seen Price effective from Koha item type
        Indian Institute of Public Administration Indian Institute of Public Administration 2009-01-09 L2x5441 R18 DA5638 2018-07-21 2018-07-21 DA

Powered by Koha